• 首页
  • 本馆介绍
  • 公告通知
  • 最新文献
  • 馆藏检索
  • 电子资源
  • 读者导购
  • 参考咨询
  • 我的图书馆
  • 登录
  • 详细信息显示
  • 放入我的书架
  • 预约/预借图书
  • 作者相关作品
  • 分类相关作品
  • 丛书相关作品
  • 出版社相关作品

书目信息

  • 表格格式
  • 工作单格式
  • 卡片格式
题名:
土地坐标计算用表
    
 
作者: ;苏联测绘总局 编
分册:  
出版信息: 北京   测绘出版社  1957
页数: 150页
开本: 26cm
丛书名:
单 册:
中图分类: P282.4
科图分类:
主题词: 地图学
电子资源:
ISBN:
000 00593nam0 2200205 450
001 0636055030
005 20060417100418.18
010    @b精装@dCNY2.20
100    @a20060417d1957 km y0chiy0120 ea
101 0  @achi@crus
102    @aCN@b110000
102    @aCN@b110000
200 1  @a土地坐标计算用表@Atu di zuo biao ji suan yong biao@f苏联测绘总局编@Fsu lian ce hui zong ju bian
210    @a北京@c测绘出版社@d1957
215    @a150页@d26cm
606 0  @a地图学
690    @aP282.4@v3
711  0 @a苏联测绘总局@Asu lian ce hui zong ju@4编
801  0 @aCN@bPFT@c20060417
905    @a10447@dP282.4@e4
    
    土地坐标计算用表/苏联测绘总局编.-北京:测绘出版社,1957
    150页;26cm
    
    
    ISBN (精装):CNY2.20
    
●
相关链接 在E读中查询图书 在五车中查询图书 在当当中查询图书 在豆瓣中查询图书


正题名:土地坐标计算用表     索取号:P282.4/4         预约/预借

序号 登录号 条形码 馆藏地/架位号 状态 备注
1 0016044   000072101   密集书库/ [索取号:P282.4/4] 在馆    
唐山师范学院图书馆 欢迎您!
大连网信软件有限公司© 版权所有